000 00367pab a2200157 454500
008 180718b2015 xxu||||| |||| 00| 0 eng d
100 _aSamoon, Manazir Jeelani
245 _aLow cost rain water harvesting
260 _c2015
300 _ap.66-68.
362 _aOct
650 _aHarvesting
650 _aRain water
773 _aKurukshetra
909 _a109241
999 _c109236
_d109236